000 00242nam a22001097a 4500
008 140218t xxu||||| |||| 00| 0 eng d
020 _a0-07-142982-4
100 _aJean Aitchison
_9738
245 _aLinguistics
300 _a257
942 _2ddc
_cBK
999 _c16995
_d16995